000 00822nam a2200301Ia 4500
001 dia_5057
003 CHAP
005 20251023172242.0
008 220117s2006 xx 000 0 und d
010 _a175881
020 _a978-970-782-160-6
040 _cCHAP
082 _a160 G88 2006
100 0 _aGutiérrez Sáenz, Raúl
_951837
245 _aIntroducción a la lógica /
_c Raúl Gutiérrerz Sáenz
250 _a9a ed.
260 _aMéxico :
_b Esfinge,
_c2006
300 _a355 p.
503 _aC/e
504 _aBibliografía: p. 341-342
590 _aBC59 G88 2006
650 _aLogic
_9157448
650 _aLógica
_xEstudio y enseñanza
_9157449
901 _a160 G88 2006
902 _aM
905 _a5232272006 mx ain 8222223322spa16
942 _cLIBRO
_2ddc
999 _c175881
_d175881